Současné vědecké a právní aspekty územní ochrany přírody a krajiny v České republice.

Zákonom ČNR č. 114/1992 a vyhláškou MŽP ČR sa novelizovala právna ochrana prírody a krajiny. Výsledkom je systém šiestich kategórií zvlášť chránených území: národný park, chránená prírodná oblasť, národná prírodná rezervácia, národná prírodná pamiatka, prírodná rezervácia, prírodná pamiatka.

Guardado en:
Detalles Bibliográficos
Autor principal: Petříček, V.
Formato: Capítulo de libro
Lenguaje:checo
Materias:
Etiquetas: Agregar Etiqueta
Sin Etiquetas, Sea el primero en etiquetar este registro!

MARC

LEADER 00000naa a2200000 4500
001 r012421
005 20220826095052.8
041 0 |a cze 
044 |a SK 
245 1 0 |a Současné vědecké a právní aspekty územní ochrany přírody a krajiny v České republice.  |c V. Petříček 
520 |a Zákonom ČNR č. 114/1992 a vyhláškou MŽP ČR sa novelizovala právna ochrana prírody a krajiny. Výsledkom je systém šiestich kategórií zvlášť chránených území: národný park, chránená prírodná oblasť, národná prírodná rezervácia, národná prírodná pamiatka, prírodná rezervácia, prírodná pamiatka. 
610 2 0 |a ochrana prírody 
610 2 0 |a zákony 
610 2 0 |a Čechy 
610 2 0 |a regióny 
610 2 0 |a klasifikácia 
610 2 0 |a ochrana právna 
100 1 |a Petříček, V.